[Event "World Chess Olympiad 2018"]
[Site "Batumi"]
[Date "2018.09.26"]
[Round "3"]
[Board "4"]
[WhiteFideId "14700280"]
[White "Karimov Alisher"]
[BlackFideId "6204422"]
[Black "Prasitsoonthorn Teerachoti"]
[Result "1-0"]
[LiveChessVersion "1.4.8"]
[BlackElo "1830"]
[WhiteElo "2182"]

1. d4 {[%clk 1:30:56]} Nf6 {[%clk 1:30:48]} 2. c4 {[%clk 1:31:07]} g6
{[%clk 1:31:00]} 3. Nc3 {[%clk 1:31:02]} d5 {[%clk 1:31:19]} 4. cxd5
{[%clk 1:30:55]} Nxd5 {[%clk 1:31:47]} 5. e4 {[%clk 1:31:05]} Nxc3
{[%clk 1:32:09]} 6. bxc3 {[%clk 1:31:33]} Bg7 {[%clk 1:32:21]} 7. Nf3
{[%clk 1:31:49]} O-O {[%clk 1:32:39]} 8. Be3 {[%clk 1:31:40]} c5 {[%clk 1:33:00]}
9. Qd2 {[%clk 1:31:34]} Nc6 {[%clk 1:29:01]} 10. Rb1 {[%clk 1:26:24]} a6
{[%clk 1:27:42]} 11. Bh6 {[%clk 1:08:43]} Qa5 {[%clk 0:49:29]} 12. Bxg7
{[%clk 1:00:20]} Kxg7 {[%clk 0:49:58]} 13. d5 {[%clk 0:54:54]} Rd8
{[%clk 0:50:27]} 14. Qb2 {[%clk 0:49:05]} Nd4 {[%clk 0:43:56]} 15. Nd2
{[%clk 0:47:09]} Nb5 {[%clk 0:43:44]} 16. Bxb5 {[%clk 0:35:05]} axb5
{[%clk 0:42:55]} 17. c4+ {[%clk 0:35:23]} Kg8 {[%clk 0:35:43]} 18. Qxb5
{[%clk 0:35:28]} Qxa2 {[%clk 0:29:57]} 19. Qxc5 {[%clk 0:27:10]} Qc2
{[%clk 0:29:37]} 20. Qxe7 {[%clk 0:21:02]} Bg4 {[%clk 0:29:34]} 21. Qg5
{[%clk 0:19:54]} Re8 {[%clk 0:02:20]} 22. Qxg4 {[%clk 0:15:25]} f5
{[%clk 0:02:50]} 23. Qd1 {[%clk 0:13:43]} Rxe4+ {[%clk 0:01:03]} 24. Nxe4
{[%clk 0:14:06]} Qxe4+ {[%clk 0:01:11]} 25. Kf1 {[%clk 0:14:30]} Ra2
{[%clk 0:00:40]} 26. Qe1 {[%clk 0:12:38]} Qxc4+ {[%clk 0:00:39]} 27. Kg1
{[%clk 0:13:07]} Re2 {[%clk 0:00:46]} 28. Qf1 {[%clk 0:13:06]} f4
{[%clk 0:00:38]} 29. h4 {[%clk 0:11:55]} Qe4 {[%clk 0:00:39]} 30. Rh3
{[%clk 0:11:47]} b5 {[%clk 0:00:37]} 31. Rd1 {[%clk 0:12:00]} f3 {[%clk 0:00:34]}
32. Rxf3 {[%clk 0:12:12]} 1-0

[Event "World Chess Olympiad 2018"]
[Site "Batumi"]
[Date "2018.09.26"]
[Round "3"]
[Board "1"]
[WhiteFideId "12100293"]
[White "Nezad Husein Aziz"]
[BlackFideId "9000240"]
[Black "Tissir Mohamed"]
[Result "1-0"]
[LiveChessVersion "1.4.8"]
[BlackElo "2388"]
[WhiteElo "2412"]

1. d4 {[%clk 1:30:54]} Nf6 {[%clk 1:30:47]} 2. c4 {[%clk 1:31:12]} g6
{[%clk 1:31:02]} 3. Nc3 {[%clk 1:31:28]} Bg7 {[%clk 1:31:29]} 4. e4
{[%clk 1:31:47]} d6 {[%clk 1:31:56]} 5. Nf3 {[%clk 1:32:01]} O-O {[%clk 1:32:18]}
6. Be2 {[%clk 1:32:26]} e5 {[%clk 1:32:43]} 7. O-O {[%clk 1:32:42]} Nbd7
{[%clk 1:33:10]} 8. Qc2 {[%clk 1:32:34]} Nh5 {[%clk 1:33:34]} 9. Bg5
{[%clk 1:30:26]} f6 {[%clk 1:30:22]} 10. Be3 {[%clk 1:30:48]} Nf4
{[%clk 1:28:00]} 11. Bxf4 {[%clk 1:31:10]} exf4 {[%clk 1:28:27]} 12. Rad1
{[%clk 1:28:41]} c6 {[%clk 1:26:07]} 13. Rfe1 {[%clk 1:28:17]} Kh8
{[%clk 1:25:11]} 14. b4 {[%clk 1:26:29]} g5 {[%clk 1:16:44]} 15. c5
{[%clk 1:22:27]} dxc5 {[%clk 0:52:18]} 16. bxc5 {[%clk 1:20:16]} Qe7
{[%clk 0:51:46]} 17. Nd2 {[%clk 1:13:58]} b6 {[%clk 0:42:54]} 18. Nc4
{[%clk 1:13:22]} bxc5 {[%clk 0:38:10]} 19. d5 {[%clk 1:13:45]} Nb6
{[%clk 0:13:13]} 20. dxc6 {[%clk 1:09:10]} Nxc4 {[%clk 0:04:14]} 21. Bxc4
{[%clk 1:09:21]} g4 {[%clk 0:04:38]} 22. Nb5 {[%clk 1:02:40]} g3 {[%clk 0:02:48]}
23. Nd6 {[%clk 1:00:57]} f5 {[%clk 0:00:38]} 24. e5 {[%clk 0:38:25]} gxh2+
{[%clk 0:01:07]} 25. Kh1 {[%clk 0:37:19]} f3 {[%clk 0:01:36]} 26. Bd5
{[%clk 0:31:43]} fxg2+ {[%clk 0:01:42]} 27. Bxg2 {[%clk 0:32:10]} f4
{[%clk 0:02:05]} 28. Bf3 {[%clk 0:23:22]} Be6 {[%clk 0:00:48]} 29. Qxc5
{[%clk 0:23:18]} Bh6 {[%clk 0:00:34]} 30. c7 {[%clk 0:22:36]} Qg5
{[%clk 0:00:33]} 31. Bxa8 {[%clk 0:20:34]} f3 {[%clk 0:00:34]} 32. Bxf3
{[%clk 0:20:39]} 1-0

[Event "World Chess Olympiad 2018"]
[Site "Batumi"]
[Date "2018.09.26"]
[Round "3"]
[Board "2"]
[WhiteFideId "9000283"]
[White "Onkoud Abdelaziz"]
[BlackFideId "12100072"]
[Black "Al Mutawa Yousuf M M"]
[Result "1-0"]
[LiveChessVersion "1.4.8"]
[BlackElo "2140"]
[WhiteElo "2315"]

1. Nf3 {[%clk 1:30:56]} d6 {[%clk 1:30:49]} 2. e4 {[%clk 1:29:44]} g6
{[%clk 1:30:09]} 3. d4 {[%clk 1:29:14]} Bg7 {[%clk 1:30:34]} 4. Bc4
{[%clk 1:29:08]} Nf6 {[%clk 1:30:31]} 5. Qe2 {[%clk 1:29:32]} O-O
{[%clk 1:30:10]} 6. O-O {[%clk 1:29:03]} Bg4 {[%clk 1:29:15]} 7. Nbd2
{[%clk 1:26:36]} Nc6 {[%clk 1:27:18]} 8. c3 {[%clk 1:26:32]} e5 {[%clk 1:27:16]}
9. d5 {[%clk 1:26:19]} Ne7 {[%clk 1:26:42]} 10. h3 {[%clk 1:26:09]} Bd7
{[%clk 1:26:38]} 11. Ne1 {[%clk 1:25:12]} Nh5 {[%clk 1:25:06]} 12. Ndf3
{[%clk 1:22:10]} Qe8 {[%clk 1:19:19]} 13. Nd3 {[%clk 1:20:34]} Kh8
{[%clk 1:12:54]} 14. g4 {[%clk 1:18:38]} Nf6 {[%clk 1:10:53]} 15. Nh4
{[%clk 1:17:18]} Bb5 {[%clk 0:57:42]} 16. Bxb5 {[%clk 1:13:48]} Qxb5
{[%clk 0:58:10]} 17. b3 {[%clk 1:13:50]} Nfg8 {[%clk 0:53:26]} 18. c4
{[%clk 1:13:25]} Qd7 {[%clk 0:53:20]} 19. Bb2 {[%clk 1:12:45]} f5
{[%clk 0:48:21]} 20. f4 {[%clk 1:10:03]} fxe4 {[%clk 0:43:20]} 21. Qxe4
{[%clk 1:08:49]} Nf6 {[%clk 0:43:28]} 22. Qe2 {[%clk 1:05:01]} e4
{[%clk 0:42:29]} 23. Nf2 {[%clk 1:03:48]} Rae8 {[%clk 0:33:44]} 24. Rae1
{[%clk 1:00:57]} Neg8 {[%clk 0:32:31]} 25. Qe3 {[%clk 0:51:26]} Qe7
{[%clk 0:17:24]} 26. Ng2 {[%clk 0:50:44]} Nd7 {[%clk 0:15:32]} 27. Qd2
{[%clk 0:46:50]} Ngf6 {[%clk 0:13:02]} 28. Re3 {[%clk 0:45:50]} Nc5
{[%clk 0:11:41]} 29. Rfe1 {[%clk 0:44:35]} a5 {[%clk 0:10:58]} 30. a3
{[%clk 0:43:52]} Qf7 {[%clk 0:07:54]} 31. b4 {[%clk 0:38:00]} axb4
{[%clk 0:08:00]} 32. axb4 {[%clk 0:38:25]} Na4 {[%clk 0:07:36]} 33. Bd4
{[%clk 0:31:21]} Kg8 {[%clk 0:06:33]} 34. Nxe4 {[%clk 0:28:55]} Nxe4
{[%clk 0:05:47]} 35. Rxe4 {[%clk 0:29:18]} Rxe4 {[%clk 0:05:35]} 36. Rxe4
{[%clk 0:29:40]} Nb6 {[%clk 0:05:54]} 37. Bxg7 {[%clk 0:26:13]} Qxg7
{[%clk 0:06:03]} 38. c5 {[%clk 0:25:18]} Nc8 {[%clk 0:05:21]} 39. Qd4
{[%clk 0:24:22]} b6 {[%clk 0:01:43]} 40. Qxg7+ {[%clk 0:50:36]} Kxg7
{[%clk 0:32:07]} 41. cxb6 {[%clk 0:50:40]} Nxb6 {[%clk 0:32:18]} 42. Re7+
{[%clk 0:50:49]} Kf6 {[%clk 0:29:23]} 43. Rxc7 {[%clk 0:49:18]} Nxd5
{[%clk 0:29:07]} 44. Rxh7 {[%clk 0:48:41]} Nxb4 {[%clk 0:28:35]} 45. Ne3
{[%clk 0:47:58]} Ke6 {[%clk 0:27:26]} 46. f5+ {[%clk 0:46:10]} gxf5
{[%clk 0:27:36]} 47. Nxf5 {[%clk 0:46:27]} Ke5 {[%clk 0:26:34]} 48. Re7+
{[%clk 0:44:22]} Kf4 {[%clk 0:25:27]} 49. Kg2 {[%clk 0:42:38]} Ra8
{[%clk 0:24:49]} 50. Nd4 {[%clk 0:41:57]} Nd5 {[%clk 0:23:03]} 51. Ne2+
{[%clk 0:36:41]} Kg5 {[%clk 0:23:21]} 52. Rf7 {[%clk 0:35:59]} Ne3+
{[%clk 0:22:47]} 53. Kg3 {[%clk 0:35:17]} Ra3 {[%clk 0:22:58]} 54. h4+
{[%clk 0:35:01]} Kg6 {[%clk 0:21:44]} 55. Rf3 {[%clk 0:35:13]} Nf1+
{[%clk 0:20:05]} 56. Kf2 {[%clk 0:35:18]} Rxf3+ {[%clk 0:20:12]} 57. Kxf3
{[%clk 0:35:41]} Nd2+ {[%clk 0:20:11]} 58. Kf4 {[%clk 0:35:33]} Nc4
{[%clk 0:20:06]} 59. Nd4 {[%clk 0:35:23]} Ne5 {[%clk 0:20:10]} 60. h5+
{[%clk 0:35:27]} Kh6 {[%clk 0:20:12]} 61. Nf5+ {[%clk 0:35:43]} Kh7
{[%clk 0:20:19]} 62. Nxd6 {[%clk 0:36:03]} Nxg4 {[%clk 0:19:58]} 63. Kxg4
{[%clk 0:36:20]} Kh6 {[%clk 0:20:23]} 64. Kh4 {[%clk 0:36:31]} Kh7
{[%clk 0:21:18]} 65. Kg5 {[%clk 0:36:52]} Kg8 {[%clk 0:21:20]} 66. h6
{[%clk 0:37:06]} 1-0

[Event "World Chess Olympiad 2018"]
[Site "Batumi"]
[Date "2018.09.26"]
[Round "3"]
[Board "3"]
[WhiteFideId "12101001"]
[White "Salih Al Hor"]
[BlackFideId "9001948"]
[Black "Saber Yasser"]
[Result "0-1"]
[LiveChessVersion "1.4.8"]
[BlackElo "2192"]
[WhiteElo "1847"]

1. e4 {[%clk 1:30:51]} d6 {[%clk 1:30:58]} 2. d4 {[%clk 1:31:15]} Nf6
{[%clk 1:31:27]} 3. Nc3 {[%clk 1:31:39]} c6 {[%clk 1:31:07]} 4. a4
{[%clk 1:31:17]} Nbd7 {[%clk 1:29:38]} 5. g3 {[%clk 1:31:15]} e5 {[%clk 1:29:52]}
6. Nge2 {[%clk 1:31:22]} Be7 {[%clk 1:29:55]} 7. Bg2 {[%clk 1:31:34]} O-O
{[%clk 1:30:21]} 8. O-O {[%clk 1:31:39]} Re8 {[%clk 1:30:25]} 9. h3
{[%clk 1:28:52]} Qc7 {[%clk 1:27:06]} 10. g4 {[%clk 1:26:27]} exd4
{[%clk 1:10:44]} 11. Nxd4 {[%clk 1:15:48]} g6 {[%clk 1:09:03]} 12. Bh6
{[%clk 1:00:36]} a5 {[%clk 1:00:38]} 13. f4 {[%clk 0:52:53]} Nc5 {[%clk 0:53:57]}
14. Qf3 {[%clk 0:49:46]} Qb6 {[%clk 0:46:33]} 15. Qe3 {[%clk 0:48:31]} Bxg4
{[%clk 0:20:30]} 16. e5 {[%clk 0:47:10]} Bd7 {[%clk 0:11:55]} 17. exf6
{[%clk 0:45:50]} Bxf6 {[%clk 0:12:14]} 18. Qf2 {[%clk 0:46:02]} Nd3
{[%clk 0:10:46]} 19. Qg3 {[%clk 0:35:14]} Qxd4+ {[%clk 0:06:08]} 20. Kh1
{[%clk 0:34:37]} Nxb2 {[%clk 0:05:21]} 21. Ra3 {[%clk 0:33:29]} Nc4
{[%clk 0:05:22]} 22. Rb3 {[%clk 0:33:18]} Re3 {[%clk 0:04:17]} 0-1

[Event "World Chess Olympiad 2018"]
[Site "Batumi"]
[Date "2018.09.26"]
[Round "3"]
[Board "4"]
[WhiteFideId "9000720"]
[White "Aithmidou Mohamed-Mehdi"]
[BlackFideId "12100986"]
[Black "Ghanem Al Shamari"]
[Result "1-0"]
[LiveChessVersion "1.4.8"]
[BlackElo "1840"]
[WhiteElo "2244"]

1. Nf3 {[%clk 1:30:35]} e6 {[%clk 1:30:04]} 2. c4 {[%clk 1:30:05]} d5
{[%clk 1:29:30]} 3. b3 {[%clk 1:30:03]} d4 {[%clk 1:28:03]} 4. Bb2
{[%clk 1:22:21]} c5 {[%clk 1:28:01]} 5. e3 {[%clk 1:21:06]} Nc6 {[%clk 1:26:02]}
6. exd4 {[%clk 1:20:38]} cxd4 {[%clk 1:26:10]} 7. g3 {[%clk 1:12:40]} Nf6
{[%clk 1:19:00]} 8. Qe2 {[%clk 1:09:33]} Bc5 {[%clk 1:17:09]} 9. Ne5
{[%clk 0:58:16]} O-O {[%clk 0:52:18]} 10. Bg2 {[%clk 0:42:01]} Qd6
{[%clk 0:43:28]} 11. f4 {[%clk 0:38:26]} Nd7 {[%clk 0:35:40]} 12. Nxc6
{[%clk 0:37:38]} bxc6 {[%clk 0:36:03]} 13. d3 {[%clk 0:37:59]} Bb7
{[%clk 0:21:45]} 14. O-O {[%clk 0:30:33]} a5 {[%clk 0:19:24]} 15. Nd2
{[%clk 0:30:09]} Nf6 {[%clk 0:19:33]} 16. g4 {[%clk 0:23:21]} Bb4
{[%clk 0:15:38]} 17. h3 {[%clk 0:18:14]} Bc3 {[%clk 0:12:51]} 18. g5
{[%clk 0:12:47]} Bxb2 {[%clk 0:12:21]} 19. gxf6 {[%clk 0:13:02]} Bxa1
{[%clk 0:11:53]} 20. Ne4 {[%clk 0:13:03]} Qc7 {[%clk 0:10:47]} 21. Qg4
{[%clk 0:12:59]} g6 {[%clk 0:10:46]} 22. Qg5 {[%clk 0:13:19]} Kh8
{[%clk 0:09:38]} 23. Qh6 {[%clk 0:13:43]} 1-0

[Event "World Chess Olympiad 2018"]
[Site "Batumi"]
[Date "2018.09.26"]
[Round "3"]
[Board "1"]
[WhiteFideId "208078"]
[White "Godart Francois"]
[BlackFideId "10100792"]
[Black "Miguel Sergio"]
[Result "1/2-1/2"]
[LiveChessVersion "1.4.8"]
[BlackElo "2285"]
[WhiteElo "2431"]

1. d4 {[%clk 1:30:56]} Nf6 {[%clk 1:30:49]} 2. c4 {[%clk 1:31:12]} e6
{[%clk 1:31:10]} 3. g3 {[%clk 1:31:29]} d5 {[%clk 1:30:32]} 4. Bg2
{[%clk 1:31:48]} Bb4+ {[%clk 1:30:29]} 5. Bd2 {[%clk 1:32:09]} Be7
{[%clk 1:30:52]} 6. Nf3 {[%clk 1:32:26]} O-O {[%clk 1:30:31]} 7. O-O c6
{[%clk 1:30:08]} 8. Qc2 {[%clk 1:32:56]} b6 {[%clk 1:30:15]} 9. Bf4
{[%clk 1:28:07]} Nbd7 {[%clk 1:25:46]} 10. Rd1 {[%clk 1:27:58]} Ba6
{[%clk 1:25:40]} 11. Ne5 {[%clk 1:27:53]} Nxe5 {[%clk 1:24:55]} 12. dxe5
{[%clk 1:28:12]} Nd7 {[%clk 1:25:21]} 13. cxd5 {[%clk 1:28:31]} cxd5
{[%clk 1:20:44]} 14. e4 {[%clk 1:28:52]} Rc8 {[%clk 1:15:02]} 15. Nc3
{[%clk 1:25:57]} d4 {[%clk 1:09:15]} 16. Rxd4 {[%clk 1:26:16]} Qc7
{[%clk 1:08:04]} 17. Rad1 {[%clk 1:25:55]} Rfd8 {[%clk 1:06:58]} 18. h4
{[%clk 1:22:14]} h6 {[%clk 1:06:16]} 19. h5 {[%clk 1:21:54]} Nc5 {[%clk 1:01:03]}
20. Bf1 {[%clk 1:10:19]} Rxd4 {[%clk 0:52:45]} 21. Rxd4 {[%clk 1:10:43]} Bxf1
{[%clk 0:53:03]} 22. Kxf1 {[%clk 1:11:09]} Nd7 {[%clk 0:43:03]} 23. Qd1
{[%clk 1:04:00]} Nxe5 {[%clk 0:40:14]} 24. Nb5 {[%clk 1:03:56]} Qb8
{[%clk 0:32:04]} 25. Nd6 {[%clk 0:54:30]} Bxd6 {[%clk 0:27:41]} 26. Rxd6
{[%clk 0:54:55]} Nc4 {[%clk 0:27:33]} 27. Rd7 {[%clk 0:52:50]} Qa8
{[%clk 0:26:11]} 28. Qd4 {[%clk 0:40:59]} Qc6 {[%clk 0:23:00]} 29. Rxa7
{[%clk 0:39:37]} e5 {[%clk 0:20:35]} 30. Bxe5 {[%clk 0:39:24]} Qb5
{[%clk 0:20:20]} 31. Kg2 {[%clk 0:30:06]} Nxe5 {[%clk 0:16:36]} 32. a4 Qc5
{[%clk 0:14:00]} 33. Qxc5 {[%clk 0:29:15]} bxc5 {[%clk 0:14:05]} 34. Rb7
{[%clk 0:26:36]} c4 {[%clk 0:11:50]} 35. Rb5 Nd3 {[%clk 0:11:02]} 36. Kf3
{[%clk 0:27:03]} Nc5 {[%clk 0:09:24]} 37. Rb4 {[%clk 0:26:01]} Nb3
{[%clk 0:09:03]} 38. e5 {[%clk 0:25:15]} Kf8 {[%clk 0:03:17]} 39. Ke4
{[%clk 0:25:11]} Rd8 {[%clk 0:02:53]} 40. f4 {[%clk 0:54:08]} Rd4+
{[%clk 0:31:29]} 41. Kf5 {[%clk 0:53:50]} Ke7 {[%clk 0:30:55]} 42. Rb7+
{[%clk 0:46:48]} Rd7 {[%clk 0:31:13]} 43. Rb4 {[%clk 0:47:04]} Nd2
{[%clk 0:23:50]} 44. g4 {[%clk 0:46:40]} Nf1 {[%clk 0:16:44]} 45. g5
{[%clk 0:45:51]} hxg5 {[%clk 0:16:31]} 46. Kxg5 {[%clk 0:42:52]} Nd2
{[%clk 0:15:10]} 47. f5 {[%clk 0:42:39]} Rd4 {[%clk 0:14:09]} 48. f6+
{[%clk 0:38:52]} gxf6+ {[%clk 0:13:54]} 49. exf6+ {[%clk 0:39:15]} Ke6
{[%clk 0:14:03]} 50. Rb6+ {[%clk 0:39:25]} Ke5 {[%clk 0:14:00]} 51. Kh6
{[%clk 0:38:10]} Ne4 {[%clk 0:12:24]} 52. Kg7 {[%clk 0:37:13]} Nd6
{[%clk 0:12:22]} 53. Rxd6 {[%clk 0:35:37]} Rg4+ {[%clk 0:05:02]} 54. Kxf7
{[%clk 0:35:26]} Kxd6 {[%clk 0:05:26]} 55. h6 {[%clk 0:35:53]} Rh4
{[%clk 0:05:40]} 56. Kg7 {[%clk 0:36:18]} Ke6 {[%clk 0:05:48]} 57. h7
{[%clk 0:36:39]} Rg4+ {[%clk 0:05:29]} 58. Kf8 {[%clk 0:37:03]} Rh4
{[%clk 0:04:33]} 59. Kg7 {[%clk 0:37:28]} Rg4+ {[%clk 0:04:50]} 60. Kf8
{[%clk 0:37:54]} 1/2-1/2

[Event "World Chess Olympiad 2018"]
[Site "Batumi"]
[Date "2018.09.26"]
[Round "3"]
[Board "2"]
[WhiteFideId "10100091"]
[White "Soares Erikson Roberto Mauricio"]
[BlackFideId "200778"]
[Black "Docx Stefan"]
[Result "1/2-1/2"]
[LiveChessVersion "1.4.8"]
[BlackElo "2427"]
[WhiteElo "2283"]

1. Nf3 {[%clk 1:31:00]} d5 {[%clk 1:30:45]} 2. g3 {[%clk 1:31:15]} c5
{[%clk 1:30:24]} 3. Bg2 {[%clk 1:31:39]} Nf6 {[%clk 1:30:44]} 4. d4
{[%clk 1:32:05]} cxd4 {[%clk 1:30:59]} 5. Nxd4 {[%clk 1:32:32]} e5
{[%clk 1:31:14]} 6. Nb3 {[%clk 1:32:51]} Bb4+ {[%clk 1:30:58]} 7. c3
{[%clk 1:32:32]} Be7 {[%clk 1:31:19]} 8. Bg5 {[%clk 1:32:41]} Be6
{[%clk 1:24:39]} 9. c4 {[%clk 1:29:05]} Nbd7 {[%clk 1:20:21]} 10. cxd5
{[%clk 1:24:33]} Nxd5 {[%clk 1:01:47]} 11. Bxd5 {[%clk 1:18:12]} Bxd5
{[%clk 0:59:41]} 12. Qxd5 {[%clk 1:16:36]} Bxg5 {[%clk 1:00:05]} 13. Nc3
{[%clk 1:15:00]} Qb6 {[%clk 0:54:41]} 14. Nb5 {[%clk 1:08:03]} Be7
{[%clk 0:52:37]} 15. Rc1 {[%clk 1:07:41]} Bb4+ {[%clk 0:52:18]} 16. Kf1
{[%clk 1:07:47]} O-O {[%clk 0:52:18]} 17. Rc7 {[%clk 1:02:43]} Nf6
{[%clk 0:43:42]} 18. Qxb7 {[%clk 1:02:03]} Qe6 {[%clk 0:39:38]} 19. Nc3
{[%clk 0:51:13]} Bxc3 {[%clk 0:37:55]} 20. Rxc3 {[%clk 0:50:39]} a5
{[%clk 0:34:16]} 21. Kg2 {[%clk 0:50:04]} a4 {[%clk 0:34:39]} 22. Nc5
{[%clk 0:45:44]} Qxa2 {[%clk 0:34:49]} 23. Rhc1 {[%clk 0:41:37]} Rab8
{[%clk 0:32:13]} 24. Ra3 {[%clk 0:37:25]} Qxb2 {[%clk 0:28:30]} 25. Qxb2
{[%clk 0:33:03]} Rxb2 {[%clk 0:28:53]} 26. Kf1 {[%clk 0:32:57]} Rc8
{[%clk 0:26:31]} 27. Rxa4 {[%clk 0:32:53]} h6 {[%clk 0:21:28]} 28. Rac4
{[%clk 0:32:03]} Rb5 {[%clk 0:13:32]} 29. Ne4 {[%clk 0:29:22]} Rxc4
{[%clk 0:13:48]} 30. Nxf6+ {[%clk 0:29:17]} gxf6 {[%clk 0:14:10]} 31. Rxc4
{[%clk 0:29:40]} Kg7 {[%clk 0:14:20]} 32. Rg4+ {[%clk 0:29:07]} Kh7
{[%clk 0:14:39]} 33. Kg2 {[%clk 0:29:19]} f5 {[%clk 0:14:48]} 34. Ra4
{[%clk 0:29:38]} Rb2 {[%clk 0:14:48]} 35. e3 {[%clk 0:29:39]} Kg7
{[%clk 0:14:48]} 36. Ra5 {[%clk 0:29:36]} Kf6 {[%clk 0:15:01]} 37. Ra6+
{[%clk 0:29:58]} Kg7 {[%clk 0:15:24]} 38. Ra5 {[%clk 0:30:22]} Kf6
{[%clk 0:15:47]} 39. Ra6+ {[%clk 0:30:43]} Kg7 {[%clk 0:16:10]} 40. Ra5
{[%clk 1:01:03]} Kf6 {[%clk 0:46:34]} 41. Ra6+ {[%clk 1:01:25]} 1/2-1/2

[Event "World Chess Olympiad 2018"]
[Site "Batumi"]
[Date "2018.09.26"]
[Round "3"]
[Board "3"]
[WhiteFideId "1024523"]
[White "Beukema Stefan"]
[BlackFideId "10101314"]
[Black "Silva David"]
[Result "1/2-1/2"]
[LiveChessVersion "1.4.8"]
[BlackElo "2223"]
[WhiteElo "2396"]

1. e4 {[%clk 1:30:51]} e5 {[%clk 1:27:34]} 2. Nf3 {[%clk 1:31:10]} Nc6
{[%clk 1:27:56]} 3. Bc4 {[%clk 1:31:33]} Nf6 {[%clk 1:26:56]} 4. d3
{[%clk 1:31:51]} h6 {[%clk 1:26:35]} 5. O-O {[%clk 1:29:29]} d6 {[%clk 1:26:54]}
6. c3 {[%clk 1:25:18]} g5 {[%clk 1:27:14]} 7. b4 {[%clk 1:23:41]} Bg7
{[%clk 1:27:33]} 8. Na3 {[%clk 1:20:28]} O-O {[%clk 1:26:40]} 9. Nc2
{[%clk 1:19:53]} d5 {[%clk 1:18:34]} 10. exd5 {[%clk 1:18:54]} Nxd5
{[%clk 1:13:19]} 11. Bb2 {[%clk 1:19:13]} Be6 {[%clk 1:04:43]} 12. Re1
{[%clk 1:07:06]} Nf4 {[%clk 1:01:35]} 13. Re3 {[%clk 0:53:45]} Qc8
{[%clk 0:49:36]} 14. Bxe6 {[%clk 0:48:24]} Qxe6 {[%clk 0:49:43]} 15. c4
{[%clk 0:46:31]} a6 {[%clk 0:44:44]} 16. Qf1 {[%clk 0:31:16]} Rfd8
{[%clk 0:43:19]} 17. Ncd4 {[%clk 0:27:02]} Nxd4 {[%clk 0:43:20]} 18. Nxd4
{[%clk 0:26:51]} Qg6 {[%clk 0:43:42]} 19. Nf3 {[%clk 0:25:19]} f6
{[%clk 0:40:43]} 20. Rd1 {[%clk 0:21:50]} b5 {[%clk 0:40:00]} 21. g3
{[%clk 0:12:47]} bxc4 {[%clk 0:30:56]} 22. dxc4 {[%clk 0:13:08]} e4
{[%clk 0:31:18]} 23. Nd4 {[%clk 0:02:43]} f5 {[%clk 0:31:09]} 24. b5
{[%clk 0:03:00]} Nd3 {[%clk 0:30:20]} 25. Nc6 {[%clk 0:03:06]} Re8
{[%clk 0:29:37]} 26. Bxg7 {[%clk 0:02:06]} Kxg7 {[%clk 0:29:56]} 27. a4
{[%clk 0:01:29]} axb5 {[%clk 0:30:17]} 28. axb5 {[%clk 0:01:54]} f4
{[%clk 0:29:59]} 29. Rexd3 {[%clk 0:01:18]} exd3 {[%clk 0:30:21]} 30. Qxd3
{[%clk 0:01:42]} Re1+ {[%clk 0:30:39]} 31. Kg2 {[%clk 0:02:03]} Rxd1
{[%clk 0:30:38]} 32. Qxd1 {[%clk 0:02:26]} Qe4+ {[%clk 0:30:29]} 33. Kh3
{[%clk 0:02:31]} Rf8 {[%clk 0:27:53]} 34. Qd4+ {[%clk 0:00:39]} Qxd4
{[%clk 0:27:02]} 35. Nxd4 {[%clk 0:01:01]} Kf6 {[%clk 0:27:16]} 36. Kg4
{[%clk 0:00:43]} Ke5 {[%clk 0:27:10]} 37. Nc6+ {[%clk 0:00:50]} Kd6
{[%clk 0:27:31]} 38. h4 {[%clk 0:00:43]} fxg3 {[%clk 0:27:54]} 39. fxg3
{[%clk 0:01:07]} gxh4 {[%clk 0:27:48]} 40. gxh4 {[%clk 0:31:31]} Kc5
{[%clk 0:57:58]} 41. Ne5 {[%clk 0:30:24]} Kd4 {[%clk 0:56:59]} 42. Ng6
{[%clk 0:30:07]} Rf7 {[%clk 0:57:23]} 43. Kh5 {[%clk 0:30:24]} Rh7
{[%clk 0:57:51]} 44. Nf8 {[%clk 0:30:38]} Re7 {[%clk 0:54:10]} 45. Kxh6
{[%clk 0:25:28]} Kxc4 {[%clk 0:53:53]} 46. h5 {[%clk 0:24:07]} Kxb5
{[%clk 0:54:18]} 47. Kg6 {[%clk 0:24:33]} c5 {[%clk 0:54:44]} 48. h6
{[%clk 0:24:33]} c4 {[%clk 0:54:54]} 49. h7 {[%clk 0:24:56]} Rxh7
{[%clk 0:55:17]} 50. Kxh7 {[%clk 0:25:20]} c3 {[%clk 0:55:40]} 51. Ne6
{[%clk 0:25:36]} 1/2-1/2

[Event "World Chess Olympiad 2018"]
[Site "Batumi"]
[Date "2018.09.26"]
[Round "3"]
[Board "4"]
[WhiteFideId "10100431"]
[White "Oliveira Luciano"]
[BlackFideId "240990"]
[Black "Dardha Daniel"]
[Result "0-1"]
[LiveChessVersion "1.4.8"]
[BlackElo "2299"]
[WhiteElo "2216"]

1. d4 {[%clk 1:30:59]} Nf6 {[%clk 1:30:51]} 2. Nf3 {[%clk 1:31:00]} c5
{[%clk 1:31:16]} 3. e3 {[%clk 1:30:02]} d5 {[%clk 1:31:40]} 4. c4
{[%clk 1:29:40]} cxd4 {[%clk 1:32:03]} 5. exd4 {[%clk 1:29:50]} Nc6
{[%clk 1:32:30]} 6. Nc3 {[%clk 1:29:35]} Be6 {[%clk 1:32:48]} 7. c5
{[%clk 1:28:24]} g6 {[%clk 1:31:57]} 8. Qa4 {[%clk 1:22:21]} Bg7 {[%clk 1:28:47]}
9. Ne5 {[%clk 1:19:45]} O-O {[%clk 1:07:07]} 10. Nxc6 {[%clk 1:19:33]} bxc6
{[%clk 1:07:18]} 11. Qxc6 {[%clk 1:18:31]} Ne4 {[%clk 0:52:41]} 12. Qa4
{[%clk 1:11:44]} Bd7 {[%clk 0:46:36]} 13. Bb5 {[%clk 0:38:24]} Bxb5
{[%clk 0:43:56]} 14. Nxb5 {[%clk 0:38:25]} Qe8 {[%clk 0:33:37]} 15. O-O
{[%clk 0:11:37]} a6 {[%clk 0:33:41]} 16. Nc3 {[%clk 0:12:06]} Nxc3
{[%clk 0:34:03]} 0-1

[Event "World Chess Olympiad 2018"]
[Site "Batumi"]
[Date "2018.09.26"]
[Round "3"]
[Board "1"]
[WhiteFideId "12303143"]
[White "Lama Himal"]
[BlackFideId "5201322"]
[Black "Paciencia Enrique"]
[Result "0-1"]
[LiveChessVersion "1.4.8"]
[BlackElo "2335"]
[WhiteElo "2057"]

1. e4 {[%clk 1:30:54]} e5 {[%clk 1:30:42]} 2. Nf3 {[%clk 1:31:19]} Nc6
{[%clk 1:31:06]} 3. Nc3 {[%clk 1:31:42]} Nf6 {[%clk 1:30:43]} 4. d4
{[%clk 1:32:06]} exd4 {[%clk 1:29:22]} 5. Nxd4 {[%clk 1:32:30]} Bb4
{[%clk 1:29:02]} 6. Nxc6 {[%clk 1:32:53]} bxc6 {[%clk 1:29:09]} 7. Bd3
{[%clk 1:33:13]} d5 {[%clk 1:26:52]} 8. O-O {[%clk 1:30:10]} Bxc3
{[%clk 1:19:50]} 9. bxc3 {[%clk 1:30:34]} dxe4 {[%clk 1:19:33]} 10. Bc4
{[%clk 1:30:13]} O-O {[%clk 1:17:53]} 11. Bg5 {[%clk 1:21:09]} Qe7
{[%clk 1:08:46]} 12. Re1 {[%clk 1:15:43]} Bf5 {[%clk 1:07:05]} 13. Qd4
{[%clk 0:53:57]} Rfd8 {[%clk 1:00:33]} 14. Qe3 {[%clk 0:54:08]} Qd6
{[%clk 0:53:51]} 15. h3 {[%clk 0:54:11]} Re8 {[%clk 0:47:43]} 16. Rad1
{[%clk 0:48:52]} Qe5 {[%clk 0:41:51]} 17. g4 {[%clk 0:41:37]} Be6
{[%clk 0:39:16]} 18. f4 {[%clk 0:40:19]} Qa5 {[%clk 0:39:17]} 19. Bxf6
{[%clk 0:39:56]} gxf6 {[%clk 0:37:49]} 20. Rd4 {[%clk 0:31:07]} Bxc4
{[%clk 0:30:33]} 21. Rxc4 {[%clk 0:31:30]} Qxa2 {[%clk 0:29:24]} 22. Rxc6
{[%clk 0:30:29]} Qxc2 {[%clk 0:28:53]} 23. Rxf6 {[%clk 0:21:57]} Rad8
{[%clk 0:21:43]} 24. Re2 {[%clk 0:06:58]} Qb1+ {[%clk 0:21:06]} 25. Kg2
{[%clk 0:07:03]} Rd3 {[%clk 0:19:56]} 26. Qc5 {[%clk 0:04:54]} Rf3
{[%clk 0:18:42]} 27. Rf2 {[%clk 0:01:08]} Qd3 {[%clk 0:13:05]} 28. Rh6
{[%clk 0:00:34]} Rxf2+ {[%clk 0:12:49]} 29. Qxf2 {[%clk 0:00:47]} e3
{[%clk 0:12:20]} 30. Qe1 {[%clk 0:00:32]} Qd2+ {[%clk 0:12:20]} 31. Kf1
{[%clk 0:00:57]} e2+ {[%clk 0:12:45]} 0-1